000 00535nam a2200181Ia 4500
001 18861
005 20260306171702.0
008 260306s9999||||xx |||||||||||||| ||und||
041 _aESP
082 _a658.503
_bC93A
100 _aCuatrecasas, Lluís
_eAUT
245 0 _aDiseño avanzado de procesos y plantas de producción flexible:
_btécnicas de diseño y herramientas gráficas con soporte informático
260 _c2013
300 _a719 páginas :
_c23 cm.
650 _aGEN
654 _aCAN
942 _cLIB
_dJUS
_fJUS
_2ddc
_n
999 _c18861
_d18861